[Event "HUN-chT2 Barcza 1617"]
[Site "Hungary"]
[Date "2016.11.13"]
[Round "4.3"]
[White "Oros, Robert"]
[Black "Herczeg, Tibor"]
[Result "1-0"]
[WhiteElo "2236"]
[BlackElo "2075"]
[PlyCount "79"]
[EventDate "2016.09.25"]
[EventType "team-tourn"]
[EventRounds "11"]
[EventCountry "HUN"]
[SourceTitle "EXT 2021"]
[Source "ChessBase"]
[SourceDate "2020.10.23"]
[SourceVersion "1"]
[SourceVersionDate "2020.10.23"]
[SourceQuality "1"]
[WhiteTeam "Nyiregyhaza SISE"]
[BlackTeam "Sajobabony"]
[WhiteTeamCountry "HUN"]
[BlackTeamCountry "HUN"]

1. d4 d5 2. c4 e6 3. Nc3 Nf6 4. cxd5 exd5 5. Bg5 Be7 6. e3 0-0 7. Bd3 Be6 8. Nge2 Nbd7 9. 0-0 c6 10. Rb1 b5 11. Nf4 h6 12. Nxe6 fxe6 13. Bf4 Nb6 14. Rc1 Rc8 15. Qf3 Bd6 16. Qh3 Qe7 17. Ne2 Nc4 18. Rc2 e5 19. dxe5 Bxe5 20. Bxe5 Qxe5 21. Nf4 Rfe8 22. Bg6 Red8 23. Bf5 Rb8 24. Ng6 Qe8 25. b3 Nd6 26. Rxc6 Nxf5 27. Qxf5 Qe4 28. Rc7 Qxf5 29. Ne7+ Kf8 30. Nxf5 Rd7 31. Rxd7 Nxd7 32. Rc1 Nb6 33. Nd4 a6 34. Rc7 Rc8 35. Ne6+ Ke8 36. Nxg7+ Kf8 37. Ne6+ Kg8 38. Rxc8+ Nxc8 39. Nc7 Nb6 40. Nxa6 1-0

[Event "HUN-chT2 Barcza 1516"]
[Site "Hungary"]
[Date "2016.03.20"]
[Round "9.3"]
[White "Borsos, Bogdan"]
[Black "Herczeg, Tibor"]
[Result "1/2-1/2"]
[WhiteElo "2246"]
[BlackElo "2088"]
[PlyCount "112"]
[EventDate "2015.09.13"]
[EventType "team-tourn"]
[EventRounds "11"]
[EventCountry "HUN"]
[SourceTitle "EXT 2017"]
[Source "ChessBase"]
[SourceDate "2016.10.25"]
[SourceVersion "1"]
[SourceVersionDate "2016.10.25"]
[SourceQuality "1"]
[WhiteTeam "Kazincbarcika"]
[BlackTeam "SSASSE"]
[WhiteTeamCountry "HUN"]
[BlackTeamCountry "HUN"]

1. e4 c5 2. c3 d5 3. exd5 Qxd5 4. d4 e6 5. Nf3 Nf6 6. Be3 cxd4 7. cxd4 Bb4+ 8. Nc3 0-0 9. Bd3 b6 10. 0-0 Bxc3 11. bxc3 Bb7 12. c4 Qc6 13. Qe2 Nbd7 14. Rfd1 Rfe8 15. Rac1 Rac8 16. c5 Qd5 17. Qb2 h6 18. h3 Bc6 19. Ba6 Bb7 20. Bf1 Qh5 21. Be2 Qd5 22. Qa3 Ra8 23. Qa4 Rec8 24. Ba6 Bxa6 25. Qxa6 bxc5 26. dxc5 Qc6 27. Rd6 Qxa6 28. Rxa6 Nd5 29. Rd6 Nxe3 30. Rxd7 Nd5 31. Ne5 Rc7 32. Rxc7 Nxc7 33. Rb1 Rd8 34. Rb7 Rd5 35. Nc6 Rd1+ 36. Kh2 Nd5 37. Nxa7 Rd2 38. c6 Rxa2 39. c7 Nxc7 40. Rxc7 Rxf2 41. Nc6 Rf1 42. Ra7 Rf2 43. Ne5 Rf5 44. Nd7 g6 45. Rc7 h5 46. g4 hxg4 47. hxg4 Rf4 48. g5 Rf5 49. Rc5 Kg7 50. Rxf5 gxf5 51. Kg3 e5 52. Kh4 e4 53. Nf6 e3 54. Nh5+ Kh7 55. Nf6+ Kg7 56. Nh5+ Kh7 1/2-1/2

[Event "HUN-chT2 Barcza 1415"]
[Site "Hungary"]
[Date "2014.09.07"]
[Round "?"]
[White "Herczeg, Tibor"]
[Black "Ujhelyi, Andras"]
[Result "1/2-1/2"]
[WhiteElo "2097"]
[BlackElo "2064"]
[PlyCount "95"]
[EventDate "2014.09.07"]
[EventType "team-tourn"]
[EventRounds "11"]
[EventCountry "HUN"]
[SourceTitle "EXT 2016"]
[Source "ChessBase"]
[SourceDate "2015.10.08"]
[SourceVersion "1"]
[SourceVersionDate "2015.10.08"]
[SourceQuality "1"]
[WhiteTeam "Sajobabony"]
[BlackTeam "Piremon"]
[WhiteTeamCountry "HUN"]
[BlackTeamCountry "HUN"]

1. e4 c5 2. Ne2 d6 3. Nbc3 Nf6 4. g3 e5 5. Bg2 Be7 6. 0-0 0-0 7. d3 Nc6 8. h3 Bd7 9. f4 Nd4 10. f5 Bc6 11. g4 Nd7 12. Nd5 Nxe2+ 13. Qxe2 Bxd5 14. exd5 Bg5 15. Bxg5 Qxg5 16. Qf2 h5 17. gxh5 Qxh5 18. Qg3 f6 19. Kh2 Kf7 20. Bf3 Qh6 21. Rg1 Rh8 22. Rg2 Rag8 23. Rag1 Nf8 24. Bg4 Nh7 25. Qf2 Ng5 26. Rg3 Re8 27. Kg2 Re7 28. Rh1 Qh4 29. c3 b6 30. Re3 Qxf2+ 31. Kxf2 Rh6 32. Rhe1 Rc7 33. Kg3 Kf8 34. h4 Nf7 35. Re4 Ke7 36. Bd1 Nh8 37. Rg4 Kf8 38. Rf1 Rf7 39. b4 g6 40. bxc5 bxc5 41. d4 cxd4 42. cxd4 gxf5 43. Rxf5 Ng6 44. dxe5 Nxe5 45. Rgf4 Ke7 46. Ra4 Rg7+ 47. Kh3 Kf8 48. Raf4 1/2-1/2

[Event "HUN-chT2 Barcza 1314"]
[Site "Hungary"]
[Date "2013.11.03"]
[Round "4"]
[White "Kun, Imre"]
[Black "Herczeg, Tibor"]
[Result "0-1"]
[WhiteElo "1940"]
[BlackElo "2100"]
[PlyCount "80"]
[EventDate "2013.09.08"]
[EventType "team-tourn"]
[EventRounds "11"]
[EventCountry "HUN"]
[SourceTitle "EXT 2016"]
[Source "ChessBase"]
[SourceDate "2015.10.08"]
[SourceVersion "1"]
[SourceVersionDate "2015.10.08"]
[SourceQuality "1"]
[WhiteTeam "Nadudvar"]
[BlackTeam "Sajobabony"]
[WhiteTeamCountry "HUN"]
[BlackTeamCountry "HUN"]

1. e4 c5 2. Nf3 Nc6 3. d4 cxd4 4. Nxd4 Nf6 5. Nc3 e5 6. Ndb5 d6 7. g3 a6 8. Na3 Be7 9. Bg2 0-0 10. Nc4 Be6 11. Ne3 Rc8 12. 0-0 b5 13. Ncd5 Bxd5 14. exd5 Nb8 15. c3 Nbd7 16. Nf5 Nb6 17. Re1 Re8 18. Qd3 Qc7 19. Be3 Qc4 20. Nxe7+ Rxe7 21. Qf5 Nbxd5 22. Bg5 Re6 23. Rad1 h6 24. Bxf6 Nxf6 25. b3 Qc7 26. c4 bxc4 27. bxc4 Qxc4 28. Qb1 Ree8 29. Rxd6 Rb8 30. Qa1 Qc2 31. Rc6 Qf5 32. h3 e4 33. Qd4 Qa5 34. Re2 Rb1+ 35. Kh2 Qh5 36. Rxf6 Qxe2 37. Qd7 gxf6 38. Qxe8+ Kg7 39. Qd7 Qd1 40. h4 Qxd7 0-1

[Event "HUN-chT2 Barcza 1314"]
[Site "Hungary"]
[Date "2013.10.20"]
[Round "3"]
[White "Papp, Tamas1"]
[Black "Herczeg, Tibor"]
[Result "1-0"]
[WhiteElo "2097"]
[BlackElo "2100"]
[PlyCount "105"]
[EventDate "2013.09.08"]
[EventType "team-tourn"]
[EventRounds "11"]
[EventCountry "HUN"]
[SourceTitle "EXT 2016"]
[Source "ChessBase"]
[SourceDate "2015.10.08"]
[SourceVersion "1"]
[SourceVersionDate "2015.10.08"]
[SourceQuality "1"]
[WhiteTeam "Miskolc KisBocsok"]
[BlackTeam "Sajobabony"]
[WhiteTeamCountry "HUN"]
[BlackTeamCountry "HUN"]

1. d4 d5 2. c4 e6 3. Nf3 Nf6 4. g3 Be7 5. Bg2 0-0 6. 0-0 Nbd7 7. Qc2 Re8 8. Rd1 c6 9. Bf4 Nf8 10. Nbd2 Ng6 11. a3 Nxf4 12. gxf4 Bd6 13. e3 h6 14. c5 Bc7 15. Kh1 Bd7 16. Rg1 b6 17. Nb3 Rc8 18. Ne5 Bxe5 19. fxe5 Nh7 20. Bf1 f5 21. exf6 Qxf6 22. f4 Nf8 23. Bd3 Kh8 24. Rg3 Re7 25. Nd2 Be8 26. Nf3 Nd7 27. b4 Bh5 28. Nd2 Nf8 29. Rag1 Rcc7 30. Qc3 Nd7 31. Bc2 Nf8 32. Qd3 Red7 33. Rh3 Bf7 34. Nf3 Rd8 35. Ne5 Be8 36. Rgg3 bxc5 37. bxc5 Rb8 38. Rg1 Rb2 39. Rb1 Rcb7 40. Rxb2 Rxb2 41. Rg3 Qf5 42. Qxf5 exf5 43. Bxf5 Ra2 44. Bg6 Nxg6 45. Nxg6+ Kg8 46. Ne7+ Kh7 47. Nf5 Bg6 48. Nxg7 Be4+ 49. Kg1 Rxa3 50. Nh5 Ra1+ 51. Kf2 Bg6 52. Nf6+ Kg7 53. Nd7 1-0

[Event "HUN-chT2 Barcza 1112 "]
[Site "Hungary"]
[Date "2011.11.13"]
[Round "3"]
[White "Herczeg, Tibor"]
[Black "Forgacs, Jozsef"]
[Result "0-1"]
[WhiteElo "2131"]
[BlackElo "2238"]
[PlyCount "38"]
[EventDate "2011.09.25"]
[EventType "team-tourn"]
[EventRounds "11"]
[EventCountry "HUN"]
[SourceTitle "EXT 2013"]
[Source "ChessBase"]
[SourceDate "2012.11.22"]
[SourceVersion "1"]
[SourceVersionDate "2012.11.22"]
[SourceQuality "1"]
[WhiteTeam "Sajoszentpeter"]
[BlackTeam "Debrecen Betu"]
[WhiteTeamCountry "HUN"]
[BlackTeamCountry "HUN"]

1. e4 Nf6 2. Nc3 e5 3. Nf3 Bb4 4. Bc4 d6 5. 0-0 0-0 6. d3 c6 7. Bg5 h6 8. Bh4 Nbd7 9. a3 Ba5 10. h3 Re8 11. Nh2 g5 12. Bg3 Nf8 13. Kh1 Ng6 14. Rb1 h5 15. Nf3 Nh7 16. Nd2 Kg7 17. Qxh5 Rh8 18. Kg1 g4 19. f4 Nf6 0-1

[Event "HUN-chT2 Barcza 1011"]
[Site "Hungary"]
[Date "2011.05.15"]
[Round "11.3"]
[White "Herczeg, Tibor"]
[Black "Szabo, Balazs"]
[Result "0-1"]
[WhiteElo "2150"]
[BlackElo "2246"]
[PlyCount "64"]
[EventDate "2010.09.12"]
[EventType "team-tourn"]
[EventRounds "11"]
[EventCountry "HUN"]
[SourceTitle "EXT 2012"]
[Source "ChessBase"]
[SourceDate "2011.11.24"]
[SourceVersion "1"]
[SourceVersionDate "2011.11.24"]
[SourceQuality "1"]
[WhiteTeam "Sajoszentpeter"]
[BlackTeam "DEAC"]
[WhiteTeamCountry "HUN"]
[BlackTeamCountry "HUN"]

1. e4 c5 2. Nf3 d6 3. d4 cxd4 4. Nxd4 Nf6 5. Nc3 a6 6. Bd3 e5 7. Nde2 Qc7 8. 0-0 Be7 9. Bg5 Be6 10. Bxf6 Bxf6 11. Nd5 Bxd5 12. exd5 0-0 13. Ng3 g6 14. Qg4 Nd7 15. Ne4 Be7 16. Qh3 f5 17. Nc3 e4 18. Be2 Bf6 19. Rad1 Bxc3 20. bxc3 Nc5 21. f4 exf3 22. Qxf3 Rae8 23. Rfe1 Ne4 24. c4 Qc5+ 25. Kf1 Re7 26. Bd3 Rfe8 27. Re2 Re5 28. g3 Nf6 29. h3 Rxe2 30. Bxe2 Re3 31. Qf4 Ne4 32. Bf3 g5 0-1

[Event "HUN-chT2 Barcza 1011"]
[Site "Hungary"]
[Date "2011.05.01"]
[Round "10.2"]
[White "Herczeg, Tibor"]
[Black "Eberth, Zoltan Bela"]
[Result "0-1"]
[WhiteElo "2150"]
[BlackElo "2198"]
[PlyCount "68"]
[EventDate "2010.09.12"]
[EventType "team-tourn"]
[EventRounds "11"]
[EventCountry "HUN"]
[SourceTitle "EXT 2012"]
[Source "ChessBase"]
[SourceDate "2011.11.24"]
[SourceVersion "1"]
[SourceVersionDate "2011.11.24"]
[SourceQuality "1"]
[WhiteTeam "Sajoszentpeter"]
[BlackTeam "Mezokovesd"]
[WhiteTeamCountry "HUN"]
[BlackTeamCountry "HUN"]

1. e4 e5 2. Nf3 d5 3. Nxe5 Bd6 4. d4 dxe4 5. Nc4 Nf6 6. Nxd6+ Qxd6 7. Be2 Nc6 8. c3 0-0 9. 0-0 Bf5 10. Nd2 Rfe8 11. Re1 h6 12. Nf1 Rad8 13. Ng3 Bc8 14. Be3 g5 15. h3 Ne7 16. Bc4 Ng6 17. Nh5 Nf4 18. Bxf4 gxf4 19. Nxf6+ Qxf6 20. Qh5 Bf5 21. Kh2 Kg7 22. Rg1 c5 23. g4 fxg3+ 24. Rxg3+ Bg6 25. Rag1 Kh7 26. Qxc5 Qxf2+ 27. R1g2 Qf4 28. d5 e3 29. Be2 Be4 30. Qd4 Rg8 31. Bd3 Rde8 32. Bxe4+ Rxe4 33. Qd3 Rxg3 34. Rxg3 e2 0-1

[Event "HUN-chT2 Barcza 0910"]
[Site "Hungary"]
[Date "2009.12.06"]
[Round "3.3"]
[White "Petro, Janos"]
[Black "Herczeg, Tibor"]
[Result "0-1"]
[WhiteElo "2116"]
[BlackElo "2150"]
[PlyCount "78"]
[EventDate "2009.11.08"]
[EventType "team-tourn"]
[EventRounds "11"]
[EventCountry "HUN"]
[SourceTitle "EXT 2011"]
[Source "ChessBase"]
[SourceDate "2010.11.26"]
[SourceVersion "1"]
[SourceVersionDate "2010.11.26"]
[SourceQuality "1"]
[WhiteTeam "Edeleny"]
[BlackTeam "SSASSE"]
[WhiteTeamCountry "HUN"]
[BlackTeamCountry "HUN"]

1. e4 c5 2. Nc3 Nc6 3. f4 d6 4. Nf3 e6 5. Bc4 Nf6 6. d3 Be7 7. e5 dxe5 8. fxe5 Nd5 9. Ne4 Qc7 10. 0-0 0-0 11. Bxd5 exd5 12. Nf6+ gxf6 13. Bh6 Nxe5 14. Qe1 Ng6 15. Bxf8 Bxf8 16. h4 h5 17. Qf2 Bg7 18. Rae1 Be6 19. Nh2 Qd7 20. c3 Rc8 21. Re3 Ne5 22. Rg3 Ng4 23. Nxg4 Bxg4 24. Re3 d4 25. cxd4 cxd4 26. Re4 f5 27. Ree1 Bh6 28. Qg3 Be3+ 29. Kh1 Qc7 30. Rxe3 dxe3 31. Qxe3 Qd8 32. Qg3 Qf6 33. Re1 Kh7 34. Qf2 Rd8 35. Re3 Qd4 36. Qe1 Qxb2 37. Re7 Qf6 38. Rxb7 Rxd3 39. Rxa7 Rd1 0-1